000 00427nam a2200181Ia 4500
001 19996
005 20260306172733.0
008 260306t1999||||xx |||||||||||||| ||spa||
041 _aESP
082 _a342.1
_bR45
100 _aReuter, Paul
_eAUT
245 0 _aIntroducción al derecho de los tratados
260 _c1999
300 _a340 páginas :
_ccm.
650 _aGEN
654 _aCDE
942 _cLIB
_dJUS
_fJUS
_2ddc
_n
999 _c19996
_d19996